ডেথ বাই মিটিং / (Record no. 12351)
[ view plain ]
| 000 -LEADER | |
|---|---|
| fixed length control field | 00860nam a2200253 a 4500 |
| 001 - CONTROL NUMBER | |
| JCCL Control Number | 12351 |
| 003 - CONTROL NUMBER IDENTIFIER | |
| JCCL marc code | BD-JhCC |
| 005 - DATE AND TIME OF LATEST TRANSACTION | |
| control field | 20211102125605.0 |
| 008 - FIXED-LENGTH DATA ELEMENTS--GENERAL INFORMATION | |
| fixed length control field | 211102b2021 bg |||| ||a| 000 0 Ben d |
| 035 ## - SYSTEM CONTROL NUMBER | |
| system control number | (BD-JhCC)12351 |
| 040 ## - CATALOGING SOURCE | |
| Original cataloging agency | BD-JhCC |
| Modifying agency | BD-JhCC |
| 041 ## - LANGUAGE CODE | |
| Language code of Book | bengali |
| 082 ## - DEWEY DECIMAL CLASSIFICATION NUMBER | |
| Classification number | 658.456 |
| Author mark and Year | LEN 2021 |
| 100 ## - MAIN ENTRY--PERSONAL NAME | |
| Personal name | লিঞ্চিওনি,প্যাট্রিক |
| 245 ## - TITLE STATEMENT | |
| Title | ডেথ বাই মিটিং / |
| Statement of responsibility, etc | প্যাট্রিক লিঞ্চিওনি, অনু: এস.এম,তাসবীর আমিন। |
| 260 ## - PUBLICATION, DISTRIBUTION, ETC. (IMPRINT) | |
| Place of publication, distribution, etc | ঢাকা: |
| Name of publisher, distributor, etc | ইমপ্রেস বুকস্; |
| Date of publication, distribution, etc | ২০২১. |
| 300 ## - PHYSICAL DESCRIPTION | |
| Pagination | 196 p. : |
| Dimensions | 22 cm. |
| 650 ## - SUBJECT ADDED ENTRY--TOPICAL TERM | |
| Topical term or geographic name as entry element | Business meeting |
| 650 ## - SUBJECT ADDED ENTRY--TOPICAL TERM | |
| Topical term or geographic name as entry element | Executive coaching |
| 650 ## - SUBJECT ADDED ENTRY--TOPICAL TERM | |
| Topical term or geographic name as entry element | Leadership |
| 700 ## - ADDED ENTRY--PERSONAL NAME | |
| Personal name | আমিন,এস.এম,তাসবীর |
| 942 ## - ADDED ENTRY ELEMENTS (KOHA) | |
| Source of classification or shelving scheme | Dewey Decimal Classification |
| Koha item type | Books |
| Source of classification or shelving scheme | Damaged status | Not for loan | Home library | Current library | Shelving location | Date of accession | Cost, normal purchase price | Total Checkouts | Full call number | Barcode | Date last seen | Date checked out | Copy number | Koha item type |
|---|---|---|---|---|---|---|---|---|---|---|---|---|---|---|
| Dewey Decimal Classification | JCC Rouf Library | JCC Rouf Library | General Stacks | 07/12/2020 | 263.00 | 1 | 658.456 LEN 2021 | 16825 | 02/12/2024 | 02/05/2024 | C-1 | Books |